MARC

LEADER 00000nas a2200000 i 4500
001 ssj0000913866
003 WaSeSS
005 20200512172242.0
006 m d
007 cr n
008 140321c20139999sz uu p s 0 0eng c
010 |a  2015243047 
016 7 |a 101639637  |2 DNLM 
022 |a 2305-6304  |l 2305-6304 
030 |a TOXIC8 
035 |a (WaSeSS)ssj0000913866 
040 |a CNCGM  |b eng  |e pn  |c CNCGM  |d VT2  |d OCLCO  |d CUD  |d CUS  |d OCLCF  |d NLM  |d CUS  |d OCLCQ  |d OCLCO  |d LND  |d CASUM  |d OCLCO  |d OCLCA  |d WaSeSS 
042 |a pcc 
050 4 |a RA1229 
060 1 0 |a W1 
130 0 |a Toxics (Online) 
210 1 0 |a Toxics  |2 dnlm 
245 1 0 |a Toxics  |h [electronic resource]. 
260 |a Basel, Switzerland :  |b MDPI AG,  |c [2013]- 
310 |a Four issues a year,  |b 2014- 
362 1 |a Began with 2013. 
506 |a License restrictions may limit access. 
515 |a Numbering taken from TOC page. 
588 |a Description based on: Volume 1, Issue 1 (December 2013); title from PDF caption (publisher's Web site, viewed Jan. 16, 2015). 
588 |a Latest issue consulted: Volume 3, Issue 1 (March 2015) (viewed Jan 16, 2015). 
650 0 |a Industrial toxicology  |v Periodicals. 
650 0 |a Poisons  |v Periodicals. 
650 7 |a Industrial toxicology.  |2 fast  |0 (OCoLC)fst00971782 
650 7 |a Poisons.  |2 fast  |0 (OCoLC)fst01068184 
650 1 2 |a Hazardous Substances. 
655 0 |a Electronic journals. 
856 4 0 |z Full text available from Research Library: 01/01/2013 to 12/31/2018  |u https://search.proquest.com/publication/2032322 
856 4 0 |z Full text available from Research Library: 01/01/2020 to present  |u https://search.proquest.com/publication/2032322